[Event "Gran Canaria Cabildo op"]
[Site "Gran Canaria"]
[Date "2016.02.19"]
[Round "2"]
[White "Haenen, Tom"]
[Black "Diaz Mendoza, Eladio"]
[Result "0-1"]
[WhiteElo "1691"]
[BlackElo "1580"]
[PlyCount "90"]
[EventDate "2016.02.16"]
[EventType "swiss"]
[EventRounds "9"]
[EventCountry "ESP"]
[SourceTitle "CBM 171 Extra"]
[Source "ChessBase"]
[SourceDate "2016.04.26"]
[SourceVersion "1"]
[SourceVersionDate "2016.04.26"]
[SourceQuality "1"]

1. d4 d5 2. Nc3 e6 3. e4 c6 4. Bd3 dxe4 5. Bxe4 Nf6 6. Bf3 Bb4 7. Nge2 0-0 8. 0-0 Nbd7 9. Bf4 Nb6 10. Ne4 Nfd5 11. Bg3 f5 12. Nc5 f4 13. Bxd5 Nxd5 14. c4 fxg3 15. cxd5 gxh2+ 16. Kh1 exd5 17. Nd3 Bd6 18. Ne5 Qh4 19. f4 Bg4 20. Nxg4 Qxg4 21. Qd2 Rae8 22. Rf3 Re4 23. Raf1 Rfe8 24. R1f2 a5 25. Qd3 Qe6 26. Nc3 Re1+ 27. Rf1 b5 28. Rxe1 Qxe1+ 29. Rf1 Qh4 30. Qf3 b4 31. Ne2 Re4 32. g3 Qe7 33. Rf2 c5 34. Rxh2 cxd4 35. Qh5 h6 36. Qxd5+ Kh8 37. Qc4 Qb7 38. Kg1 Qe7 39. Kf1 a4 40. Rh5 Qd7 41. Qd3 Qe6 42. Qf3 Re3 43. Qf2 d3 44. Nd4 Qe4 45. Nf3 Rxf3 0-1

[Event "Las Palmas Insular-chT Primera-B"]
[Site "Las Palmas"]
[Date "2016.01.16"]
[Round "9.1"]
[White "Haenen, Tom"]
[Black "Moreno Cameno, Juan Carlos"]
[Result "1-0"]
[WhiteElo "1691"]
[BlackElo "1661"]
[PlyCount "72"]
[EventDate "2015.10.17"]
[EventType "team-tourn"]
[EventRounds "14"]
[EventCountry "ESP"]
[SourceTitle "CBM 170 Extra"]
[Source "ChessBase"]
[SourceDate "2016.02.25"]
[SourceVersion "1"]
[SourceVersionDate "2016.02.25"]
[SourceQuality "1"]
[WhiteTeam "Anand III"]
[BlackTeam "Goya Villa de Teror IV"]
[WhiteTeamCountry "ESP"]
[BlackTeamCountry "ESP"]

1. d4 Nf6 2. Nc3 d5 3. Bg5 e6 4. e4 Be7 5. e5 Nfd7 6. h4 h6 7. Qg4 0-0 8. Bxh6 g6 9. Bxf8 Bxf8 10. h5 f5 11. Qg3 g5 12. Nh3 Bh6 13. Bd3 Nc6 14. Ne2 Bg7 15. c3 Qe7 16. f4 g4 17. Nf2 b5 18. Nxg4 fxg4 19. Qxg4 Nf8 20. Qf3 b4 21. g4 bxc3 22. bxc3 Rb8 23. f5 Bxe5 24. dxe5 Nxe5 25. Qg3 Nxd3+ 26. Qxd3 exf5 27. gxf5 Qe5 28. Qg3+ Qxg3+ 29. Nxg3 Rb2 30. 0-0 Kf7 31. Rf2 Rb6 32. Re1 Bb7 33. Rfe2 Kf6 34. Re8 Nh7 35. R8e6+ Kg5 36. Rxb6 cxb6 1-0

[Event "Las Palmas Insular-chT Pref-B"]
[Site "Las Palmas"]
[Date "2015.12.12"]
[Round "6.3"]
[White "Suarez Ramirez, Jonay"]
[Black "Haenen, Tom"]
[Result "1-0"]
[WhiteElo "1635"]
[BlackElo "1702"]
[PlyCount "47"]
[EventDate "2015.10.17"]
[EventType "team-tourn"]
[EventRounds "14"]
[EventCountry "ESP"]
[SourceTitle "CBM 170 Extra"]
[Source "ChessBase"]
[SourceDate "2016.02.25"]
[SourceVersion "1"]
[SourceVersionDate "2016.02.25"]
[SourceQuality "1"]
[WhiteTeam "Hotel Avda de Canarias II"]
[BlackTeam "Anand"]
[WhiteTeamCountry "ESP"]
[BlackTeamCountry "ESP"]

1. d4 g6 2. c4 Bg7 3. Nc3 Nf6 4. e4 d6 5. h3 0-0 6. Nf3 e5 7. d5 Na6 8. Be3 Nd7 9. g4 h6 10. Be2 Qe7 11. Qd2 Kh7 12. h4 Ndc5 13. h5 g5 14. Bxg5 f6 15. Be3 Bxg4 16. Nxe5 Qxe5 17. Bxg4 f5 18. Bxf5+ Rxf5 19. exf5 Ne4 20. Nxe4 Qxe4 21. 0-0-0 Qxc4+ 22. Qc2 Qxa2 23. f6+ Kg8 24. Rhg1 1-0

[Event "Gran Canaria Santana Memorial 4th"]
[Site "Gran Canaria"]
[Date "2015.11.27"]
[Round "4"]
[White "Haenen, Tom"]
[Black "Sanchez Quintero, Raul"]
[Result "1/2-1/2"]
[WhiteElo "1702"]
[BlackElo "1997"]
[PlyCount "100"]
[EventDate "2015.11.20"]
[EventType "swiss"]
[EventRounds "9"]
[EventCountry "ESP"]
[SourceTitle "EXT 2017"]
[Source "ChessBase"]
[SourceDate "2016.10.25"]
[SourceVersion "1"]
[SourceVersionDate "2016.10.25"]
[SourceQuality "1"]

1. d4 Nf6 2. Nc3 c5 3. d5 d6 4. e4 g6 5. f4 Bg7 6. Nf3 0-0 7. Bd3 b5 8. Bxb5 Nxe4 9. 0-0 Nxc3 10. bxc3 Ba6 11. Rb1 Bxb5 12. Rxb5 Nd7 13. c4 Re8 14. f5 Rb8 15. fxg6 hxg6 16. Ng5 Nf6 17. Qf3 Qd7 18. Rb3 Rb4 19. Rxb4 cxb4 20. Bb2 Rc8 21. Ne4 Qf5 22. Nxf6+ Bxf6 23. Qxf5 gxf5 24. Bxf6 exf6 25. Rf4 Kg7 26. Kf2 Rc5 27. Ke3 Ra5 28. Rxf5 Rxa2 29. Kd3 Ra3+ 30. Kd2 Rc3 31. Rf4 a5 32. Kc1 b3 33. Rg4+ Kf8 34. Kb2 bxc2 35. Kc1 f5 36. Rf4 Kg7 37. h4 Kg6 38. g3 a4 39. c5 Rxc5 40. Rxa4 Rxd5 41. Kxc2 Re5 42. Kd3 f6 43. Rf4 d5 44. Rf1 Re4 45. h5+ Kxh5 46. Rxf5+ Kg4 47. Rxf6 Kxg3 48. Rd6 Re5 49. Kd4 Rh5 50. Rxd5 Rxd5+ 1/2-1/2

[Event "Gran Canaria Santana Memorial 4th"]
[Site "Gran Canaria"]
[Date "2015.11.23"]
[Round "2"]
[White "Haenen, Tom"]
[Black "Galvan Sarmiento, Jose Luis"]
[Result "0-1"]
[WhiteElo "1702"]
[BlackElo "1952"]
[PlyCount "72"]
[EventDate "2015.11.20"]
[EventType "swiss"]
[EventRounds "9"]
[EventCountry "ESP"]
[SourceTitle "EXT 2017"]
[Source "ChessBase"]
[SourceDate "2016.10.25"]
[SourceVersion "1"]
[SourceVersionDate "2016.10.25"]
[SourceQuality "1"]

1. d4 Nf6 2. Nf3 e6 3. e3 b6 4. Nbd2 Bb7 5. Bd3 d5 6. 0-0 Nbd7 7. a3 Bd6 8. b3 e5 9. dxe5 Nxe5 10. Be2 0-0 11. Bb2 Ned7 12. Nd4 c5 13. Nf5 Bc7 14. Nf3 Qe8 15. Bd3 Ne5 16. Nxe5 Bxe5 17. Bxe5 Qxe5 18. Qf3 Ne4 19. Qh5 Rfe8 20. Bxe4 dxe4 21. Ng3 Qc3 22. Rac1 Rad8 23. Ne2 Qb2 24. b4 g6 25. Qg5 Ba6 26. b5 Bxb5 27. c4 Qxe2 28. cxb5 Qxb5 29. Qf6 Qd7 30. h4 Qd6 31. Qg5 Qe5 32. Qh6 Rd3 33. g4 Red8 34. g5 Rxe3 35. Rcd1 Rxd1 36. Rxd1 Rd3 0-1